01137nam a2200193Ia 4500001001100000003001000011008004100021040002500062041001300087100003900100245005700139250001100196260006600207300001200273500026000285501011400545520026000659650002400919L270-22556IT-CnALBA170116s9999||||xx |||||||||||||| ||und|| aIT-CnALBAcIT-CnALBA aITALIANO aBERAULT-BERCASTELL A. E., CANONICO 0aSTORIA DEL CRISTIANESIMO. VOL. VII. ANNO 1492-1560.  a3a ed. a VENEZIAbTASSO G. TIP. CAL. LIT. LIBR.c1841 [1° Ed.: n.d.] a614 p.  aDISCORSO DELL'AUTORE SULLA TERZA ETA' DELLA CHIESA. TAVOLA CRONOLOGICA E CRITICA. ALESSANDRO VI. PIO III. GIULIO II. LEONE X DEI MEDICI. ADRIANO VI. CLEMENTE VII. PAOLO III. GIULIO III. MARCELLO II. PAOLO IV. PIO IV. IMPERATORI D'OCCIDENTE. RE DI FRANCIA  aSocietà San Paolo EM - Piazza San Paolo, 14 - 12051 ALBA (CN) (non commercial uses only) ® Copyright 2017 aDISCORSO DELL'AUTORE SULLA TERZA ETA' DELLA CHIESA. TAVOLA CRONOLOGICA E CRITICA. ALESSANDRO VI. PIO III. GIULIO II. LEONE X DEI MEDICI. ADRIANO VI. CLEMENTE VII. PAOLO III. GIULIO III. MARCELLO II. PAOLO IV. PIO IV. IMPERATORI D'OCCIDENTE. RE DI FRANCIA  aSTORIA DELLA CHIESA